00618nam a2200181Ia 4500008004100000020001500041041001200056082001100068100001800079245008700097260003600184300000800220650001000228700001800238942000700256999001500263952015800278221030s9999 xx 000 0 und d a8121924405 aEnglish a105.23 aB. L. Theraja 2aA Textbook of Electrical Technology in S.I. Unitscby B. L. Theraja, A. K. theraja bS. Chand & Co.aNew Delhic2007 a864 aBB EE aA. K. theraja cBK c4287d4287 pBB 493g390.00l0o105.23 r2025-05-17 00:00:00w2022-10-30yBK003Print4070aMIETLIBbMIETLIBcBL-Second, FL-1, CUP-103, SH-6, R-6d2007-05-0910HBB